000
00259nam a2200109Ia 4500
008
240625s9999 xx 000 0 und d
041
_a
eng
082
_a
657 BLO
100
_a
BLOCHER EDWARD J
245
_a
COST MANAGEMENT A STRATEGIC EMPHASIS
260
_c
2007
999
_c
38098
_d
38098